[Event "Sibiria Region-chT"]
[Site "Kemerovo"]
[Date "2010.11.21"]
[Round "3"]
[White "Filippov, Valerij"]
[Black "Sitnikov, Dmitrij"]
[Result "1/2-1/2"]
[WhiteElo "2566"]
[BlackElo "2436"]
[PlyCount "54"]
[EventDate "2010.11.19"]
[EventType "team-tourn"]
[EventRounds "5"]
[EventCountry "RUS"]
[SourceTitle "EXT 2012"]
[Source "ChessBase"]
[SourceDate "2011.11.24"]
[SourceVersion "1"]
[SourceVersionDate "2011.11.24"]
[SourceQuality "1"]

1. Nf3 d5 2. d4 c6 3. c4 Nf6 4. Qc2 dxc4 5. Qxc4 Bf5 6. g3 e6 7. Bg2 Nbd7 8. 0-0 Be7 9. Rd1 0-0 10. e3 h6 11. h3 Qc7 12. Nc3 Ne4 13. Nd2 Nxc3 14. Qxc3 c5 15. Nb3 Rac8 16. e4 Bg6 17. Be3 c4 18. Nd2 b5 19. b3 Nb6 20. bxc4 Nxc4 21. Nxc4 Qxc4 22. Qb3 a5 23. Rdc1 Qxb3 24. axb3 Bb4 25. d5 exd5 26. exd5 Bc2 27. d6 Bxd6 1/2-1/2

[Event "Sibiria Region-chT"]
[Site "Kemerovo"]
[Date "2010.11.19"]
[Round "1"]
[White "Filippov, Valerij"]
[Black "Pautov, Ilia"]
[Result "1/2-1/2"]
[WhiteElo "2566"]
[BlackElo "2339"]
[PlyCount "32"]
[EventDate "2010.11.19"]
[EventType "team-tourn"]
[EventRounds "5"]
[EventCountry "RUS"]
[SourceTitle "EXT 2012"]
[Source "ChessBase"]
[SourceDate "2011.11.24"]
[SourceVersion "1"]
[SourceVersionDate "2011.11.24"]
[SourceQuality "1"]

1. Nf3 g6 2. d4 Bg7 3. c4 c5 4. e4 Nc6 5. d5 Nd4 6. Nxd4 Bxd4 7. Bd3 d6 8. 0-0 Bg7 9. f4 Nf6 10. Nd2 0-0 11. Kh1 e6 12. Qc2 exd5 13. exd5 Re8 14. f5 Ng4 15. Nf3 Ne3 16. Bxe3 Rxe3 1/2-1/2

[Event "RUS-chT2"]
[Site "Sochi"]
[Date "2008.04.04"]
[Round "2"]
[White "Filippov, Valerij"]
[Black "Chadaev, Nikolay"]
[Result "1-0"]
[WhiteElo "2561"]
[BlackElo "2471"]
[PlyCount "48"]
[EventDate "2008.04.03"]
[EventType "team-tourn"]
[EventRounds "9"]
[EventCountry "RUS"]
[SourceTitle "CBM 123 Extra"]
[Source "ChessBase"]
[SourceDate "2008.05.06"]
[SourceVersion "1"]
[SourceVersionDate "2008.05.06"]
[SourceQuality "1"]

1. Nf3 Nf6 2. c4 g6 3. d4 Bg7 4. g3 0-0 5. Bg2 d6 6. Nc3 Nc6 7. 0-0 Bd7 8. d5 Na5 9. Nd2 Ne8 10. Qc2 c6 11. b3 cxd5 12. cxd5 Rc8 13. Bb2 b5 14. a3 Qb6 15. Rfc1 Nf6 16. h3 Rc7 17. Qd3 Rfc8 18. Nd1 Nh5 19. Rxc7 Rxc7 20. Bxg7 Kxg7 21. Ne3 b4 22. axb4 Qxb4 23. Nc2 Qc5 24. Nd4 Nf6 1-0

[Event "Sibiria Region-chT"]
[Site "Kemerovo"]
[Date "2007.12.11"]
[Round "5"]
[White "Davidov, Roman"]
[Black "Filippov, Valerij"]
[Result "0-1"]
[WhiteElo "2236"]
[BlackElo "2561"]
[PlyCount "100"]
[EventDate "2007.12.07"]
[EventType "team-tourn"]
[EventRounds "7"]
[EventCountry "RUS"]
[SourceTitle "CBM 122 Extra"]
[Source "ChessBase"]
[SourceDate "2008.03.04"]
[SourceVersion "1"]
[SourceVersionDate "2008.03.04"]
[SourceQuality "1"]

1. Nf3 d5 2. c4 e6 3. g3 Nf6 4. Bg2 dxc4 5. Qa4+ c6 6. Qxc4 b5 7. Qc2 Bb7 8. d4 Nbd7 9. Nc3 Qb6 10. 0-0 c5 11. dxc5 Bxc5 12. a3 Rc8 13. Qd3 a6 14. e3 0-0 15. b4 Bd6 16. Bb2 Ne5 17. Nxe5 Bxg2 18. Kxg2 Bxe5 19. Nd5 Nxd5 20. Bxe5 Rfd8 21. Qe2 f6 22. Bd4 Qc6 23. Qf3 e5 24. Bc5 Nc3 25. Rfe1 Rd3 26. Qxc6 Rxc6 27. e4 Na4 28. Be3 Kf7 29. Rac1 Rxc1 30. Rxc1 Nc3 31. Kf3 g6 32. g4 Ke6 33. Rg1 Na2 34. a4 bxa4 35. Ra1 Nc3 36. Kg2 Kd7 37. Bc5 Kc6 38. Be7 Kb5 39. f3 Rd2+ 40. Kh1 Rf2 41. Bxf6 Rxf3 42. Bxe5 Nxe4 43. Re1 Nc3 44. Kg2 Rd3 45. Bf6 a3 46. Re5+ Nd5 47. g5 Kxb4 48. Re8 a2 49. Rb8+ Ka4 50. Rc8 Nxf6 0-1

[Event "Sibiria Region-chT"]
[Site "Kemerovo"]
[Date "2007.12.10"]
[Round "4"]
[White "Filippov, Valerij"]
[Black "Konev, Kirill"]
[Result "1-0"]
[WhiteElo "2561"]
[BlackElo "2192"]
[PlyCount "89"]
[EventDate "2007.12.07"]
[EventType "team-tourn"]
[EventRounds "7"]
[EventCountry "RUS"]
[SourceTitle "CBM 122 Extra"]
[Source "ChessBase"]
[SourceDate "2008.03.04"]
[SourceVersion "1"]
[SourceVersionDate "2008.03.04"]
[SourceQuality "1"]

1. Nf3 Nf6 2. c4 g6 3. d4 Bg7 4. g3 0-0 5. Bg2 d6 6. Nc3 Nc6 7. 0-0 a6 8. Qd3 Bf5 9. e4 Bg4 10. d5 Bxf3 11. Qxf3 Nd4 12. Qd1 c5 13. Rb1 Nd7 14. Be3 b5 15. cxb5 Nxb5 16. Ne2 a5 17. Qa4 Nc7 18. Rfd1 Nb6 19. Qc2 Qd7 20. f4 Rab8 21. Bf2 Na6 22. a3 Qa4 23. Qd3 Qc4 24. Qf3 Qa4 25. e5 Nc7 26. Nc3 Qb3 27. Ne4 Nc4 28. Qxb3 Rxb3 29. Rdc1 Rxb2 30. Rxb2 Nxb2 31. exd6 exd6 32. Nxd6 Nd3 33. Rb1 Nxf2 34. Kxf2 Bd4+ 35. Kf1 Kg7 36. Rb7 Ne8 37. Nc4 Nf6 38. Bf3 Rd8 39. d6 Ne8 40. d7 Nf6 41. Bc6 Kf8 42. Nxa5 Bc3 43. Nc4 Ke7 44. a4 Nxd7 45. Nb6 1-0

[Event "RUS-chT2"]
[Site "Sochi"]
[Date "2007.05.11"]
[Round "9"]
[White "Filippov, Valerij"]
[Black "Belov, Igor"]
[Result "1/2-1/2"]
[WhiteElo "2552"]
[BlackElo "2439"]
[PlyCount "37"]
[EventDate "2007.05.03"]
[EventType "team"]
[EventRounds "9"]
[EventCountry "RUS"]
[SourceTitle "CBM 118 Extra"]
[Source "ChessBase"]
[SourceDate "2007.07.04"]
[SourceVersion "1"]
[SourceVersionDate "2007.07.04"]
[SourceQuality "1"]

1. d4 Nf6 2. Nf3 g6 3. c4 Bg7 4. g3 0-0 5. Bg2 d5 6. cxd5 Nxd5 7. 0-0 Nb6 8. Nc3 Nc6 9. d5 Na5 10. Qc2 c6 11. dxc6 Nxc6 12. Rd1 Bf5 13. e4 Bd7 14. Qe2 Qc8 15. Nd5 Bg4 16. Be3 Nxd5 17. exd5 Ne5 18. Bf4 Qf5 19. Bxe5 1/2-1/2

[Event "RUS-chT2"]
[Site "Sochi"]
[Date "2007.05.10"]
[Round "8"]
[White "Tseshkovsky, Vitaly"]
[Black "Filippov, Valerij"]
[Result "1/2-1/2"]
[WhiteElo "2517"]
[BlackElo "2552"]
[PlyCount "20"]
[EventDate "2007.05.03"]
[EventType "team"]
[EventRounds "9"]
[EventCountry "RUS"]
[SourceTitle "CBM 118 Extra"]
[Source "ChessBase"]
[SourceDate "2007.07.04"]
[SourceVersion "1"]
[SourceVersionDate "2007.07.04"]
[SourceQuality "1"]

1. e4 c5 2. Nf3 Nc6 3. Nc3 Nf6 4. Bb5 g6 5. h3 Qc7 6. 0-0 Bg7 7. Re1 e5 8. d3 0-0 9. Bg5 Ne7 10. g4 h6 1/2-1/2

[Event "RUS-chT 13th"]
[Site "Sochi"]
[Date "2006.04.30"]
[Round "11"]
[White "Filippov, Valerij"]
[Black "Tomashevsky, Evgeny"]
[Result "1/2-1/2"]
[WhiteElo "2561"]
[BlackElo "2595"]
[PlyCount "99"]
[EventDate "2006.04.20"]
[EventType "team-tourn"]
[EventRounds "11"]
[EventCountry "RUS"]
[SourceTitle "EXT 2020"]
[Source "ChessBase"]
[SourceDate "2019.10.17"]
[SourceVersion "1"]
[SourceVersionDate "2019.10.17"]
[SourceQuality "1"]
[WhiteTeam "Kazan Ladya"]
[BlackTeam "Saratov Economist SGSEU"]
[WhiteTeamCountry "RUS"]
[BlackTeamCountry "RUS"]

1. d4 Nf6 2. c4 e6 3. Nf3 b6 4. g3 Ba6 5. b3 d5 6. Bg2 dxc4 7. Ne5 Bb4+ 8. Kf1 Bd6 9. Nxc4 Nd5 10. e4 Ne7 11. Bb2 Nbc6 12. Nbd2 e5 13. d5 Nd4 14. Nf3 c5 15. Bh3 0-0 16. Kg2 Ng6 17. Nxd4 exd4 18. Re1 Bc7 19. Kg1 Ne7 20. Bc1 Kh8 21. Bg2 Qd7 22. Qh5 Rae8 23. Bd2 Bb7 24. Bh3 Qd8 25. f3 Ng8 26. Bg5 Qb8 27. Bd7 g6 28. Qh3 Bc8 29. Bxc8 Qxc8 30. Qxc8 Rxc8 31. a4 Bb8 32. Rac1 Kg7 33. Bd2 Nf6 34. b4 Rfe8 35. bxc5 bxc5 36. a5 Nd7 37. Kg2 Ne5 38. Nxe5 Bxe5 39. f4 Bb8 40. Rc4 f6 41. Bc1 Bd6 42. Ba3 Re7 43. a6 Rb8 44. e5 fxe5 45. fxe5 Rxe5 46. Rxe5 Bxe5 47. Bxc5 d3 48. Kf3 Rd8 49. Bxa7 Bf6 50. Ke4 1/2-1/2

[Event "RUS-chT 13th"]
[Site "Sochi"]
[Date "2006.04.23"]
[Round "4"]
[White "Filippov, Valerij"]
[Black "Grachev, Boris V"]
[Result "1/2-1/2"]
[WhiteElo "2561"]
[BlackElo "2543"]
[PlyCount "113"]
[EventDate "2006.04.20"]
[EventType "team-tourn"]
[EventRounds "11"]
[EventCountry "RUS"]
[SourceTitle "EXT 2020"]
[Source "ChessBase"]
[SourceDate "2019.10.17"]
[SourceVersion "1"]
[SourceVersionDate "2019.10.17"]
[SourceQuality "1"]
[WhiteTeam "Kazan Ladya"]
[BlackTeam "Togliatti Lada"]
[WhiteTeamCountry "RUS"]
[BlackTeamCountry "RUS"]

1. Nf3 d5 2. d4 c6 3. c4 e6 4. Nbd2 Nf6 5. g3 Nbd7 6. Bg2 b6 7. 0-0 Bb7 8. e4 Nxe4 9. Nxe4 dxe4 10. Ng5 Nf6 11. Nxe4 Nxe4 12. Bxe4 Be7 13. Be3 0-0 14. Qc2 g6 15. Rfd1 Bg5 16. Qe2 Bxe3 17. Qxe3 Qf6 18. Bg2 Rfd8 19. Rd2 Rd7 20. Rad1 Rad8 21. b4 Rc8 22. Qa3 Qd8 23. Qc3 Qf6 24. c5 bxc5 25. bxc5 Ba6 26. a4 Qd8 27. h4 h5 28. Rb1 Rb7 29. Rxb7 Bxb7 30. Bf1 Qc7 31. Rb2 Rd8 32. a5 Bc8 33. a6 Kh7 34. Qe3 e5 35. Qxe5 Qxe5 36. dxe5 Rd1 37. Kg2 Ra1 38. Bd3 Bxa6 39. Bxa6 Rxa6 40. Rb7 Kg8 41. Rc7 Ra1 42. Rxc6 a5 43. Kf3 a4 44. Rc8+ Kg7 45. Rc7 Kf8 46. Kf4 a3 47. e6 f6 48. Rf7+ Ke8 49. Ra7 a2 50. c6 Rc1 51. Rxa2 Rxc6 52. Ra8+ Ke7 53. Rg8 Rc4+ 54. Kf3 Rg4 55. Kg2 Kxe6 56. f4 Kf7 57. Rc8 1/2-1/2

[Event "RUS-ch sf 58th"]
[Site "Kazan"]
[Date "2005.09.04"]
[Round "2"]
[White "Iljin, Artem"]
[Black "Filippov, Valerij"]
[Result "1/2-1/2"]
[WhiteElo "2500"]
[BlackElo "2621"]
[PlyCount "88"]
[EventDate "2005.09.03"]
[EventType "swiss"]
[EventRounds "9"]
[EventCountry "RUS"]
[SourceTitle "CBM 109"]
[Source "ChessBase"]
[SourceDate "2005.11.14"]
[SourceVersion "1"]
[SourceVersionDate "2005.11.14"]
[SourceQuality "1"]

1. c4 e6 2. Nf3 d5 3. d4 Nf6 4. Nc3 c6 5. e3 Nbd7 6. Qc2 Bd6 7. b3 0-0 8. Bd3 b6 9. 0-0 Bb7 10. Bb2 Re8 11. Rad1 Qe7 12. e4 dxe4 13. Nxe4 Nxe4 14. Bxe4 Nf6 15. Bd3 Rad8 16. Rfe1 Bf4 17. c5 g6 18. Bc1 Bxc1 19. Rxc1 bxc5 20. Qxc5 Rd5 21. Qxe7 Rxe7 22. Re5 Kf8 23. Kf1 Nd7 24. Re2 c5 25. Rd2 cxd4 26. Be4 Ba6+ 27. Kg1 Rc5 28. Rxc5 Nxc5 29. Rxd4 Rc7 30. h4 Nxe4 31. Rxe4 Bb7 32. Ra4 Bd5 33. Kh2 h6 34. Ra6 Kg7 35. Nd4 g5 36. hxg5 hxg5 37. Kg3 Kg6 38. f3 Kh5 39. Kf2 g4 40. Ra4 gxf3 41. gxf3 Rd7 42. Nc2 f5 43. Rd4 e5 44. Rd2 Kg5 1/2-1/2

[Event "EU-ch 6th"]
[Site "Warsaw"]
[Date "2005.06.29"]
[Round "11"]
[White "Filippov, Valerij"]
[Black "Portisch, Lajos"]
[Result "1-0"]
[WhiteElo "2621"]
[BlackElo "2525"]
[PlyCount "79"]
[EventDate "2005.06.18"]
[EventType "swiss"]
[EventRounds "13"]
[EventCountry "POL"]
[SourceTitle "CBM 108"]
[Source "ChessBase"]
[SourceDate "2005.09.26"]
[SourceVersion "1"]
[SourceVersionDate "2005.09.26"]
[SourceQuality "1"]

1. Nf3 d5 2. d4 Nf6 3. c4 e6 4. g3 Bb4+ 5. Bd2 Be7 6. Bg2 0-0 7. 0-0 Nbd7 8. Qc2 c6 9. Bf4 b6 10. Rd1 Bb7 11. Nc3 dxc4 12. Nd2 Nd5 13. Nxc4 Nxf4 14. gxf4 Qc7 15. e3 Rfd8 16. a3 Rac8 17. b4 Nf8 18. Rac1 Ng6 19. Bh1 Qb8 20. f5 exf5 21. Qxf5 Nh4 22. Qe5 Rc7 23. Ne4 Rd5 24. Qg3 Qd8 25. Ne5 Ng6 26. f4 Bh4 27. Qg4 Qe7 28. Ng3 Nxe5 29. fxe5 Bc8 30. Qf4 Bg5 31. Qf2 Rd8 32. Bxc6 f6 33. Ne4 fxe5 34. d5 Bh4 35. Qg2 Rd6 36. Nxd6 Qxd6 37. Be8 Qh6 38. Rxc7 Qxe3+ 39. Kh1 Bh3 40. Qxg7# 1-0

[Event "EU-ch 6th"]
[Site "Warsaw"]
[Date "2005.06.22"]
[Round "5"]
[White "Filippov, Valerij"]
[Black "Bobras, Piotr"]
[Result "1/2-1/2"]
[WhiteElo "2621"]
[BlackElo "2501"]
[PlyCount "45"]
[EventDate "2005.06.18"]
[EventType "swiss"]
[EventRounds "13"]
[EventCountry "POL"]
[SourceTitle "CBM 108"]
[Source "ChessBase"]
[SourceDate "2005.09.26"]
[SourceVersion "1"]
[SourceVersionDate "2005.09.26"]
[SourceQuality "1"]

1. c4 Nf6 2. Nc3 e5 3. g3 Bb4 4. Bg2 0-0 5. e4 Bxc3 6. bxc3 c6 7. Ne2 d5 8. cxd5 cxd5 9. exd5 Nxd5 10. 0-0 Nc6 11. Bb2 Be6 12. d4 Nb6 13. dxe5 Nc4 14. Bc1 N4xe5 15. Nd4 Bd5 16. Nxc6 Bxc6 17. Be3 Qf6 18. Bd4 Nf3+ 19. Bxf3 Qxf3 20. Qxf3 Bxf3 21. Rfe1 a6 22. Re3 Bc6 23. f4 1/2-1/2

[Event "EU-ch 6th"]
[Site "Warsaw"]
[Date "2005.06.19"]
[Round "2"]
[White "Prusikin, Michael"]
[Black "Filippov, Valerij"]
[Result "1-0"]
[WhiteElo "2540"]
[BlackElo "2621"]
[PlyCount "90"]
[EventDate "2005.06.18"]
[EventType "swiss"]
[EventRounds "13"]
[EventCountry "POL"]
[SourceTitle "CBM 108"]
[Source "ChessBase"]
[SourceDate "2005.09.26"]
[SourceVersion "1"]
[SourceVersionDate "2005.09.26"]
[SourceQuality "1"]

1. d4 d5 2. c4 e6 3. Nc3 Bb4 4. Nf3 Nf6 5. e3 0-0 6. Bd3 c5 7. 0-0 Nc6 8. a3 Bxc3 9. bxc3 Qc7 10. h3 dxc4 11. Bxc4 e5 12. Ba2 Bf5 13. d5 Rad8 14. Qe2 e4 15. Nh4 Ne7 16. Nxf5 Nxf5 17. c4 Nd7 18. Bb2 Nd6 19. Qg4 f6 20. Rac1 Rde8 21. Rc2 Ne5 22. Qg3 Re7 23. Kh1 g5 24. Qh2 Rff7 25. Ba1 h5 26. Rcc1 h4 27. Bb3 Qd7 28. a4 Rg7 29. Bd1 Rg6 30. Be2 Qxa4 31. Bg4 Nexc4 32. Be2 Ne5 33. Rxc5 Rgg7 34. Rfc1 Qe8 35. Bg4 Kh7 36. Be6 b6 37. Bxe5 fxe5 38. Rc6 Rxe6 39. dxe6 Qxe6 40. Rd1 Rd7 41. Qg1 Qe7 42. Rd5 Nb7 43. Qd1 Rxd5 44. Qxd5 Nc5 45. Rc8 Qf6 1-0

[Event "Minneapolis HB Global op"]
[Site "Minneapolis"]
[Date "2005.05.22"]
[Round "9"]
[White "Filippov, Valerij"]
[Black "Jussupow, Artur"]
[Result "0-1"]
[WhiteElo "2621"]
[BlackElo "2601"]
[PlyCount "110"]
[EventDate "2005.05.18"]
[EventType "swiss"]
[EventRounds "9"]
[EventCountry "USA"]
[SourceTitle "CBM 107"]
[Source "ChessBase"]
[SourceDate "2005.08.01"]
[SourceVersion "1"]
[SourceVersionDate "2005.08.01"]
[SourceQuality "1"]

1. c4 e6 2. Nc3 d5 3. d4 Nf6 4. cxd5 exd5 5. Bg5 Be7 6. e3 Nbd7 7. Nf3 0-0 8. Bd3 Re8 9. h3 Nf8 10. Bf4 Bd6 11. Bxd6 Qxd6 12. Qc2 a6 13. 0-0 Be6 14. Rab1 Re7 15. b4 c6 16. Na4 Rae8 17. Nc5 Bc8 18. a4 Ng6 19. b5 axb5 20. axb5 Ne4 21. bxc6 bxc6 22. Rfc1 Qf6 23. Rb8 Nxc5 24. Qxc5 Bxh3 25. Rxe8+ Rxe8 26. Qxc6 Qxc6 27. Rxc6 Be6 28. Rd6 Kf8 29. Ng5 Ke7 30. Ra6 Nf8 31. Ra7+ Kf6 32. f4 g6 33. Kf2 Re7 34. Ra5 Kg7 35. Bb1 h6 36. Nf3 Nh7 37. Ne5 Nf6 38. Ra6 Ng4+ 39. Nxg4 Bxg4 40. Ba2 Rd7 41. Ra5 Be6 42. g4 Kf6 43. Kg3 Rd6 44. Rb5 Rd8 45. Bb3 Rd6 46. Ra5 Rd8 47. Rc5 Rd6 48. Kh4 Rd8 49. Rb5 Rd6 50. Ba2 Rd8 51. Rb7 Rc8 52. e4 dxe4 53. g5+ hxg5+ 54. fxg5+ Kf5 55. d5 Kf4 0-1

[Event "CCA-ICC op"]
[Site "Lake George"]
[Date "2005.05.14"]
[Round "6"]
[White "Filippov, Valerij"]
[Black "Izoria, Zviad"]
[Result "0-1"]
[WhiteElo "2621"]
[BlackElo "2602"]
[PlyCount "68"]
[EventDate "2005.05.11"]
[EventType "swiss"]
[EventRounds "9"]
[EventCountry "USA"]
[SourceTitle "CBM 106 Extra"]
[Source "ChessBase"]
[SourceDate "2005.07.01"]
[SourceVersion "1"]
[SourceVersionDate "2005.07.01"]
[SourceQuality "1"]

1. d4 Nf6 2. c4 e6 3. Nc3 Bb4 4. Qc2 0-0 5. a3 Bxc3+ 6. Qxc3 d6 7. g3 e5 8. dxe5 dxe5 9. Bg2 Re8 10. Nf3 Nc6 11. Be3 a5 12. 0-0 Qe7 13. Rad1 h6 14. Nd2 a4 15. Ne4 Nxe4 16. Bxe4 Nd4 17. Rfe1 c5 18. f3 f5 19. Bd5+ Be6 20. Bf2 Qf7 21. Bxe6 Rxe6 22. Kg2 Qh5 23. e4 Rf8 24. Bxd4 exd4 25. Qd3 fxe4 26. Rxe4 Rb6 27. g4 Qf7 28. b4 axb3 29. Rb1 Rf6 30. Rxb3 b5 31. Qe2 bxc4 32. Re7 cxb3 33. Rxf7 R6xf7 34. Qb5 c4 0-1

[Event "RUS-chT 12th"]
[Site "Sochi"]
[Date "2005.04.29"]
[Round "11"]
[White "Filippov, Valerij"]
[Black "Kiriakov, Petr"]
[Result "1/2-1/2"]
[WhiteElo "2621"]
[BlackElo "2565"]
[PlyCount "24"]
[EventDate "2005.04.19"]
[EventType "team-tourn"]
[EventRounds "11"]
[EventCountry "RUS"]
[SourceTitle "EXT 2020"]
[Source "ChessBase"]
[SourceDate "2019.10.17"]
[SourceVersion "1"]
[SourceVersionDate "2019.10.17"]
[SourceQuality "1"]
[WhiteTeam "Kazan Ladya"]
[BlackTeam "Saransk TPS"]
[WhiteTeamCountry "RUS"]
[BlackTeamCountry "RUS"]

1. Nf3 Nf6 2. c4 e6 3. g3 d5 4. d4 Be7 5. Bg2 0-0 6. 0-0 dxc4 7. Qc2 a6 8. Qxc4 b5 9. Qc2 Bb7 10. Bd2 Be4 11. Qc1 Bb7 12. Qc2 Be4 1/2-1/2

[Event "RUS-chT 12th"]
[Site "Sochi"]
[Date "2005.04.22"]
[Round "4"]
[White "Inarkiev, Ernesto"]
[Black "Filippov, Valerij"]
[Result "1/2-1/2"]
[WhiteElo "2612"]
[BlackElo "2621"]
[PlyCount "94"]
[EventDate "2005.04.19"]
[EventType "team-tourn"]
[EventRounds "11"]
[EventCountry "RUS"]
[SourceTitle "EXT 2020"]
[Source "ChessBase"]
[SourceDate "2019.10.17"]
[SourceVersion "1"]
[SourceVersionDate "2019.10.17"]
[SourceQuality "1"]
[WhiteTeam "Tomsk 400"]
[BlackTeam "Kazan Ladya"]
[WhiteTeamCountry "RUS"]
[BlackTeamCountry "RUS"]

1. e4 c5 2. Nf3 Nc6 3. d4 cxd4 4. Nxd4 Nf6 5. Nc3 e5 6. Ndb5 d6 7. Bg5 a6 8. Na3 b5 9. Bxf6 gxf6 10. Nd5 f5 11. Bd3 Be6 12. c3 Bg7 13. Qh5 0-0 14. 0-0 f4 15. Rfd1 Kh8 16. Nc2 f5 17. exf5 Bxd5 18. f6 Bh6 19. Qxh6 Ra7 20. f7 Rfxf7 21. Ne1 Rf6 22. Qh5 Rg7 23. Be2 Bf7 24. Qh4 e4 25. Bh5 Bg8 26. g3 Qf8 27. Ng2 Ne5 28. Rd2 Nc4 29. Rd4 d5 30. b3 Nd6 31. Bg4 Rgg6 32. Rad1 Qg7 33. Bh3 Rh6 34. Qg4 Rxh3 35. Qxh3 Be6 36. Qh4 Nf5 37. Qh5 Bf7 38. Qh3 Nxd4 39. Qc8+ Qg8 40. Qxg8+ Kxg8 41. cxd4 f3 42. Ne3 Rc6 43. Kf1 b4 44. Ke1 Rc3 45. Rd2 Rc1+ 46. Rd1 Rc3 47. Rd2 Rc1+ 1/2-1/2

[Event "RUS-chT 12th"]
[Site "Sochi"]
[Date "2005.04.21"]
[Round "3"]
[White "Vokarev, Sergey"]
[Black "Filippov, Valerij"]
[Result "0-1"]
[WhiteElo "2491"]
[BlackElo "2621"]
[PlyCount "80"]
[EventDate "2005.04.19"]
[EventType "team-tourn"]
[EventRounds "11"]
[EventCountry "RUS"]
[SourceTitle "EXT 2020"]
[Source "ChessBase"]
[SourceDate "2019.10.17"]
[SourceVersion "1"]
[SourceVersionDate "2019.10.17"]
[SourceQuality "1"]
[WhiteTeam "Nizhny Tagil Politekhnik"]
[BlackTeam "Kazan Ladya"]
[WhiteTeamCountry "RUS"]
[BlackTeamCountry "RUS"]

1. e4 e6 2. d4 d5 3. Nd2 c5 4. exd5 Qxd5 5. Ngf3 cxd4 6. Bc4 Qd6 7. 0-0 Nf6 8. Nb3 Nc6 9. Nbxd4 Nxd4 10. Qxd4 Bd7 11. Rd1 Qxd4 12. Nxd4 Rc8 13. Be2 Bc5 14. c4 0-0 15. Be3 b6 16. Bf3 e5 17. Nc2 Be6 18. b3 Rfd8 19. h3 Kf8 20. Kf1 a5 21. Ke1 Ke7 22. Bd2 e4 23. Be2 Nd7 24. Bc3 f5 25. a3 Bd6 26. Nd4 Be5 27. Rac1 g6 28. Nb5 Bxc3+ 29. Rxc3 Ne5 30. Rxd8 Rxd8 31. b4 axb4 32. axb4 Nc6 33. c5 Nxb4 34. c6 Rc8 35. c7 Nd5 36. Rc2 Bd7 37. Rb2 Bxb5 38. Rxb5 Kd6 39. Bc4 Nxc7 40. Rb3 Rb8 0-1

[Event "RUS-chT 12th"]
[Site "Sochi"]
[Date "2005.04.20"]
[Round "2"]
[White "Filippov, Valerij"]
[Black "Dyachkov, Sergej"]
[Result "0-1"]
[WhiteElo "2621"]
[BlackElo "2559"]
[PlyCount "102"]
[EventDate "2005.04.19"]
[EventType "team-tourn"]
[EventRounds "11"]
[EventCountry "RUS"]
[SourceTitle "EXT 2020"]
[Source "ChessBase"]
[SourceDate "2019.10.17"]
[SourceVersion "1"]
[SourceVersionDate "2019.10.17"]
[SourceQuality "1"]
[WhiteTeam "Kazan Ladya"]
[BlackTeam "Saratov Economist SGSEU"]
[WhiteTeamCountry "RUS"]
[BlackTeamCountry "RUS"]

1. c4 Nf6 2. Nc3 g6 3. g3 Bg7 4. Bg2 0-0 5. d4 d6 6. Nf3 Nbd7 7. 0-0 e5 8. e4 a6 9. Qc2 exd4 10. Nxd4 Re8 11. Rd1 Ne5 12. b3 Bg4 13. Nde2 Qc8 14. Be3 h5 15. Rf1 Bf3 16. h3 b5 17. Bxf3 Nxf3+ 18. Kg2 b4 19. Nd5 Nxd5 20. cxd5 Bxa1 21. Rxa1 Ne5 22. Rc1 a5 23. Nf4 Qd8 24. Bd4 h4 25. Ne2 hxg3 26. f4 Nd7 27. Nxg3 Qh4 28. Rf1 Nf6 29. Rf3 Re7 30. Ba1 Rf8 31. Qb2 Ne8 32. f5 f6 33. fxg6 Rg7 34. Qc2 Qg5 35. Kh2 Rxg6 36. Bd4 Qh6 37. Nf5 Qh7 38. Rf4 Rg5 39. Qe2 Rh5 40. Qg4+ Rg5 41. Qf3 Rf7 42. Ne3 Qh5 43. Ng4 Kf8 44. Ne3 Qxf3 45. Rxf3 Rh7 46. Nf5 Rg4 47. Re3 Ng7 48. Ng3 Rgh4 49. Ne2 Nh5 50. Kg2 Re7 51. Ng3 Rg7 0-1

[Event "RUS-chT 12th"]
[Site "Sochi"]
[Date "2005.04.19"]
[Round "1"]
[White "Motylev, Alexander"]
[Black "Filippov, Valerij"]
[Result "1/2-1/2"]
[WhiteElo "2680"]
[BlackElo "2621"]
[PlyCount "117"]
[EventDate "2005.04.19"]
[EventType "team-tourn"]
[EventRounds "11"]
[EventCountry "RUS"]
[SourceTitle "EXT 2020"]
[Source "ChessBase"]
[SourceDate "2019.10.17"]
[SourceVersion "1"]
[SourceVersionDate "2019.10.17"]
[SourceQuality "1"]
[WhiteTeam "Sverdlovsk Ural region"]
[BlackTeam "Kazan Ladya"]
[WhiteTeamCountry "RUS"]
[BlackTeamCountry "RUS"]

1. e4 c5 2. Nf3 Nc6 3. d4 cxd4 4. Nxd4 Nf6 5. Nc3 e5 6. Ndb5 d6 7. Bg5 a6 8. Na3 b5 9. Nd5 Be7 10. Bxf6 Bxf6 11. c3 0-0 12. Nc2 Rb8 13. h4 Be7 14. Nce3 Be6 15. Qf3 Qd7 16. g4 Bd8 17. Bd3 a5 18. Bc2 b4 19. Ba4 bxc3 20. bxc3 Qc8 21. Nf5 Bxd5 22. exd5 e4 23. Qg3 Ne7 24. Nxd6 Qa6 25. Nxe4 Rb2 26. 0-0-0 Rxa2 27. Bb3 Re2 28. Bc2 Rxc2+ 29. Kxc2 Qc4 30. Rd4 Qa2+ 31. Kd3 Bb6 32. Qd6 Bxd4 33. Kxd4 Nc8 34. Qc7 Qe2 35. d6 Re8 36. f3 Qxf3 37. Re1 Nxd6 38. Qxd6 Qxg4 39. Kd3 Kh8 40. Kc2 h6 41. Qd4 Qe6 42. Kc1 f6 43. Re2 Rc8 44. Kd2 Rb8 45. Ng3 Qc6 46. Ke3 a4 47. Kf2 a3 48. c4 Ra8 49. Ra2 Qc7 50. Qe4 Qc5+ 51. Kg2 Rb8 52. h5 Rb3 53. Re2 Qg5 54. Qe8+ Kh7 55. Qe4+ f5 56. Qe5 f4 57. Qe4+ Kh8 58. Qe8+ Kh7 59. Qe4+ 1/2-1/2

[Event "Moscow Aeroflot op-A"]
[Site "Moscow"]
[Date "2005.02.21"]
[Round "7"]
[White "Volkov, Sergey"]
[Black "Filippov, Valerij"]
[Result "1-0"]
[WhiteElo "2612"]
[BlackElo "2621"]
[PlyCount "155"]
[EventDate "2005.02.15"]
[EventType "swiss"]
[EventRounds "9"]
[EventCountry "RUS"]
[SourceTitle "CBM 106"]
[Source "ChessBase"]
[SourceDate "2005.06.06"]
[SourceVersion "1"]
[SourceVersionDate "2005.06.06"]
[SourceQuality "1"]

1. d4 Nf6 2. c4 e6 3. Nc3 Bb4 4. e3 0-0 5. Nge2 d5 6. a3 Bd6 7. c5 Be7 8. b4 c6 9. Bd2 b6 10. Nc1 bxc5 11. bxc5 e5 12. f3 Nfd7 13. Bd3 f5 14. f4 exd4 15. exd4 Nf6 16. 0-0 Ne4 17. Be1 Nd7 18. Qa4 Rf6 19. Be2 a5 20. Ra2 Rh6 21. Nd3 Ba6 22. Ne5 Ndxc5 23. Qc2 Nxc3 24. Bxc3 Bxe2 25. Qxe2 Ne4 26. Qd3 Rb8 27. Rc1 c5 28. dxc5 Bxc5+ 29. Bd4 Qh4 30. g3 Bxd4+ 31. Qxd4 Qd8 32. Rac2 Re6 33. Rc7 Nf6 34. Qa7 Ne8 35. R7c5 Re7 36. Qa6 Qb6 37. Qxb6 Rxb6 38. Rxd5 a4 39. Ra5 g6 40. Rxa4 Nf6 41. Rb4 Rbe6 42. Rb2 Ng4 43. Nxg4 fxg4 44. Ra2 Ra6 45. a4 Ra5 46. Rc4 Kf7 47. Rb4 Kf6 48. Kf2 Rh5 49. Kf1 Ra5 50. Rb5 Rea7 51. Rxa5 Rxa5 52. Ke2 Ke6 53. Ke3 Kd6 54. Kd4 Kc6 55. Kc4 Kb6 56. Kb4 Rd5 57. Re2 Rh5 58. Kc4 Kc6 59. Rc2 Rd5 60. Kc3 Kb6 61. Rb2+ Kc6 62. Rb5 Rd1 63. f5 Rc1+ 64. Kb4 gxf5 65. Rxf5 Rb1+ 66. Kc4 Rc1+ 67. Kb3 Kd6 68. Rg5 Rb1+ 69. Kc3 Rc1+ 70. Kb2 Re1 71. Rh5 Re7 72. Kc3 Rc7+ 73. Kd4 Ke6 74. a5 Rd7+ 75. Kc5 Rc7+ 76. Kb6 Rc2 77. a6 Kd7 78. a7 1-0